[Event "Candidates Tournament"]
[Site "Kazan"]
[Date "2011.05.07"]
[Round "1.3"]
[White "Mamedyarov, Shakhriyar"]
[Black "Gelfand, Boris"]
[Result "0-1"]
[WhiteElo "2772"]
[BlackElo "2733"]
[Annotator "Gelfand,Boris"]
[PlyCount "78"]
[EventDate "2011.05.05"]
[EventType "k.o."]
[EventRounds "3"]
[EventCountry "RUS"]
[SourceTitle "CBM 143"]
[Source "ChessBase"]
[SourceDate "2011.07.15"]
[SourceVersion "1"]
[SourceVersionDate "2011.07.15"]
[SourceQuality "1"]

1. e4 {Ramirez,A} c5 2. Nf3 d6 3. d4 cxd4 4. Nxd4 Nf6 5. Nc3 a6 6. Bc4 {
Shakhriyar goes for the sharpest line. In the first game he had chosen the
more positional 6.Be3 e5 7.Nf3. I also had to face this system in my
semi-final match vs Kamsky.} e6 7. Bb3 b5 8. O-O Be7 9. Qf3 Qc7 10. Qg3 O-O 11.
Bh6 Ne8 12. Rad1 Bd7 13. f4 Nc6 14. f5 {Again the sharpest choice. I had
earlier experiences with the more positional 13.Nf3, 13.Nce2 and the wild 14.
Bg5. Ramirez,A: 'This rare move had been used once before in a world class
game, about 10 years ago, and never again since. It's interesting, although a
little strange, that Mamedyarov is repeating this line. Gelfand doesn't follow
the same path as the previous game, which ended in a convincing black victory.
The move itself warrants quite an explanation. Playing f5 in a Sicilian is
always very committal: White weakens the important e5-square, preventing him
from ever achieving an e5 break, as well as allowing Black's pieces (usually a
knight, but in some rare cases a queen or a bishop) to occupy the fantastic
defensive square e5. Some writers have gone so far as to say that if Black
didn't have the e5-square for his pieces after f5, he would lose every
Sicilian.   White must therefore consistently attack on the kingside from now
on until he obtains a material gain, or he will end up strategically worse.'} (
{The last time I had this position I had to face} 14. Nxc6 Bxc6 15. f5 Kh8 16.
f6 {Ramirez,A: 'A spectacular pawn push, but a well-known one...'} gxh6 17.
fxe7 Qxe7 18. Qf2 {Ramirez,A: 'and White has compensation for the missing pawn.
A few games have seen this position, the most recent being the aforementioned
Rublevsky-Bu, 2010 China (rapid).'} Ng7 19. Qd4 Qa7 20. Qxa7 Rxa7 21. Rxd6 Rc8
22. a3 a5 {1-0 Ivanchuk,V (2781)-Gelfand,B (2720)/Moscow blitz 2008 (41); with
a minimal advantage for White.}) 14... Nxd4 15. Rxd4 Kh8 {After a long thought
I decided to deviate from the classical game} (15... Bf6 16. Rd3 Be5 17. Qg4 b4
18. f6 g6 19. Ne2 a5 $1 20. Bxf8 Kxf8 21. Qh4 a4 22. Qxh7 Qa7+ 23. Kh1 Nxf6 24.
Qh6+ Ke7 {and Black went on to win a great game - Morozevich,A -Kasparov,G /
Astana 2001.}) 16. Be3 ({I think it is was stronger to play similiar to my
game vs Ivanchuk} 16. f6 {, but Black seems to hold after   Ramirez,A: 'is a
very logical move. Mamedyarov may have rejected it because of'} Bxf6 (16...
gxf6 $5 {Ramirez,A is also an interesting alternative. Black obtains a strong
pawn centre in return for the lost exchange. However, White can respond by
sacrificing material of his own!} 17. Nd5 $5 {A crazy move typical of the
Sicilian. Black is forced to take this intruder, but opens the fourth rank to
the rook on d4. It is almost impossible to give an evaluation of this position
without lengthy variations, so let's just say that this position is very
unclear.}) 17. Rxf6 Qc5 $1 {Ramirez,A: 'Strangely enough, although both the f6
and h6 pieces are under attack, neither can be effectively taken. However, the
rook on d4 is now pinned!'} (17... gxh6 {Ramirez,A} 18. Rxh6 Rg8 19. Qh4 Rg7 {
gives White some pressure, but might be playable.}) 18. Bxg7+ Nxg7 19. Qf2 Qe5
{Ramirez,A: 'with a very murky position.'} (19... Bc6 20. Bd5) 20. Rh6 f5 $1)
16... Nf6 17. Qh3 $5 {Hitting on the e6-pawn and vacating the h4-square for
the R. Ramirez,A: 'A logical move, upping the pressure on this side of the
board. However, it does remove the pressure that the queen on g3 was exerting
on the h2-b8 diagonal, specifically pinning the d-pawn. Black now achieves
another of his strategic goals in the Sicilian: the d5 break!'} (17. a3 a5) (
17. Qh4 e5 18. Rd2 b4) 17... d5 $1 {The key move in the style of the Sicilian
Defence.} 18. e5 $1 (18. exd5 exf5 {with a clear advantage for Black is not
even worth considering.}) 18... Qxe5 19. Rh4 Rfc8 {Preparing Rxc3 and clearing
the way for Black's K.} ({There was no way to bail out by} 19... d4 20. Ne4
Qxe4 21. Rxe4 Nxe4 22. Bxd4 exf5 23. Bd5 $1 Rad8 24. Bb6 Rb8 25. Bxe4 Rxb6 26.
Bxf5 $18) ({However, as the computer indicates, Black has nothing to fear and
could get an advantage by the simple} 19... Rac8 $1 20. Bg5 (20. g4 Qxe3+ 21.
Qxe3 Bc5 22. Qxc5 Rxc5 23. g5 Ng8) (20. Kh1 Rxc3 21. bxc3 Qxc3) {or even} 20...
h6 (20... Kg8 21. Bxf6 Qxf6 22. Rxh7 g6 23. Ne2 (23. g4 exf5 24. gxf5 Qd4+ 25.
Kg2 Bf6) 23... a5 24. c3 a4) 21. g4 Kg8 $1 {and White has no attacking ideas,
for example} 22. Bxh6 $140 Rxc3 23. bxc3 Bc5+ 24. Kh1 Qe4+) 20. Kh1 $2 {
In a way the decisive mistake.} (20. Bg5 $1 {was the right way to follow. Now
Black has a choice:} {or} Kg8 ({or} 20... h6 21. Rxh6+ gxh6 22. Qxh6+ Kg8 (
22... Nh7 23. Bxe7 $44) 23. fxe6 fxe6 (23... Bxe6 24. Bxf6 Bxf6 25. Rxf6 $44)
24. Qg6+ Kh8 25. Ne4 (25. Bxf6+ Bxf6 26. Rxf6 Rf8 $11) 25... Nxe4 26. Qh5+ Kg8
27. Qf7+ Kh8 $11 {with a perpetual}) 21. Bxf6 {but stronger is} Qxf6 $1 ({
Now the natural} 21... Bxf6 {loses due to} 22. Rxh7 Kf8 23. fxe6 Bxe6 (23...
fxe6 24. Nxd5) 24. Nxd5 $1 $18) 22. Rxh7 g6 {and White has to escape by} 23. g4
$1 (23. Bxd5 Rxc3 24. bxc3 exd5) 23... Rxc3 24. bxc3 Bc5+ 25. Kg2 (25. Kh1 Bc6)
25... exf5 26. Bxd5 Bc6 27. Rh8+ Qxh8 28. Qxh8+ Kxh8 29. Bxc6 $11) ({During
the game I didn't consider} 20. g4 {seriously and rightly so} Qxe3+ 21. Qxe3
Bc5 22. Qxc5 Rxc5 23. g5 Ng8 {despite the poor placement of Black's N Black is
clearly better.} 24. fxe6 (24. g6 fxg6 25. fxe6 (25. fxg6 Nh6 26. Rxh6 gxh6 27.
Rf7 Rd8 28. Rxh7+ Kg8) 25... Bxe6) (24. Rf3 Ne7 25. Rfh3 (25. fxe6 fxe6 26.
Rfh3 h6 27. gxh6 g6) 25... h6) 24... Bxe6 $15 (24... fxe6 25. Rf7 Rd8)) 20...
Rxc3 {This move is so natural, that it doesn't deserve an exclamation mark.}
21. bxc3 Qxc3 {Black has 2 pawns for an exchange and the Bb3 is cut off from
the game. So, White's position is on the verge of being lost.} (21... exf5 $2 {
would pass the advantage to White:} 22. Bd4 Qe2 23. Kg1 f4 24. Qd3) 22. Rd4 {
White's attack went nowhere, so he is returning a R back into defence.} (22.
fxe6 Bxe6 23. Qf3 Ne4) (22. Bd4 Qxh3 23. Rxh3 a5 {and Black has a clear
advantage in the endgame.}) 22... a5 $1 23. Rd3 Qc6 24. c3 a4 25. Bc2 e5 26.
Bg5 b4 {Black had some more simple options, but I went for the most direct
continuation.} (26... Qc4 27. Bb1 e4 28. Rdd1 Re8 $17) (26... e4 27. Rd4 (27.
Rd2 b4 28. cxb4 (28. Bxf6 Bxf6 29. cxb4 d4) 28... Bxb4 29. Rd4 Qc5 $19) 27...
Rc8 28. Rfd1 b4 29. c4 Be8 $19) 27. Qh4 {White is starting another wave of
attack on the h-line.} bxc3 ({A more simple way was} 27... Rc8 28. Rh3 (28.
Bxf6 Bxf6 29. Qxb4 e4) 28... Qc4 $19) 28. Rh3 Kg8 29. Re1 {Other moves are not
better:} (29. Rg3 e4 30. Bh6 g6) (29. Qg3 d4 30. Qxe5 Qb5 $1) (29. Bxf6 Bxf6
30. Qxh7+ Kf8) 29... e4 30. g4 Kf8 31. Be3 Qc4 $1 {Here I got really excited.
It is not very common to get such a line of pawns vs the R.} 32. g5 Bxf5 $1 33.
gxf6 Bxf6 34. Qh5 (34. Qg3 d4) 34... Bg6 $1 {I think it is both stronger and
more aesthetic than} (34... Bxh3 35. Qxh3 Kg8 {which is also good enough.}) 35.
Qg4 Qxa2 36. Bb1 Qc4 37. Qg2 a3 38. Ba2 Qc6 39. Rg3 Rb8 {Here my opponent lost
on time.} (39... Rb8 {I hope that after the strongest} 40. Bc1 {I would have
managed to find} (40. Qh3 Rb2) 40... Rb2 $1 (40... Qc5 {is good enough}) 41.
Bxb2 axb2 42. Bb1 Be5 43. Rge3 f5 {White has 2 Rs for B and 6 Ps. White is
totally helpless. In the famous game Lutikov-Taimanov in Moscow 1969 Black
also had 6 pawns for a B, but this position is clearly more beautiful.}) 0-1

[Event "Tata Steel-A 74th"]
[Site "Wijk aan Zee"]
[Date "2012.01.19"]
[Round "5"]
[White "Karjakin, Sergey"]
[Black "Gelfand, Boris"]
[Result "0-1"]
[WhiteElo "2769"]
[BlackElo "2739"]
[Annotator "Ftacnik,L"]
[PlyCount "88"]
[EventDate "2012.01.14"]
[EventType "tourn"]
[EventRounds "13"]
[EventCountry "NED"]
[EventCategory "21"]
[SourceTitle "CBM 147"]
[Source "ChessBase"]
[SourceDate "2012.03.16"]
[SourceVersion "1"]
[SourceVersionDate "2012.03.16"]
[SourceQuality "1"]

1. e4 c5 2. Nf3 d6 3. d4 cxd4 4. Nxd4 Nf6 5. Nc3 a6 6. Be3 Ng4 7. Bg5 h6 8. Bh4
g5 9. Bg3 Bg7 10. h3 Ne5 11. f3 Nbc6 12. Bf2 Be6 13. Qd2 Rc8 14. O-O-O {
Both players had already had some experience in this line. Karjakin could not
get anywhere with the immediate move of the knight to the centre.} (14. Nd5
Nxd4 15. Bxd4 Bxd5 16. exd5 Qc7 17. c3 (17. c4 Nxc4 18. Bxc4 Bxd4 $1 19. Qxd4
Qxc4 $1 20. Qxh8+ Kd7 21. Qxh6 Qd3 22. Qxg5 Rc2 $19) 17... Qa5 18. Be3 Nc4 19.
Bxc4 Rxc4 $11 {1/2-1/2 Karjakin,S (2776)-Nakamura,H (2774)/Medias 2011 (31)})
14... Nxd4 {Gelfand on his part has become tired of retreating with his queen
from the coveted square a5. The exchange of the knight suffers from one
drawback - the bishop on d4 could become a strong piece.} (14... Qa5 15. Nb3
Qc7 16. Kb1 (16. a3 Bxb3 17. cxb3 Na5 18. Qc2 Ng6 19. Kb1 b5 20. Rc1 Qb7 21. b4
Nc4 22. Bxc4 Rxc4 23. Qd2 $14 {1-0 Topalov,V (2690)-Gelfand,B (2713)/Bugojno
1999 (43)}) 16... Na5 17. Bd4 Nac6 18. Be3 Na5 19. Nd5 Bxd5 20. Nxa5 Bc4 21.
Bxc4 Nxc4 22. Nxc4 Qxc4 23. Qf2 Be5 24. Bd4 $14 {1/2-1/2 Leko,P (2749)-Gelfand,
B (2733)/Monte Carlo 2007 (35)}) 15. Bxd4 Qa5 16. Qf2 {Karjakin is trying to
pester the black queen, but objectively his 16th move might not be the best.
The future will most likely belong to the modest pawn move solving the
problems with a2 weakness.} (16. a3 O-O (16... b5 17. Nd5 $6 (17. Kb1 $5 Rb8 (
17... Qc7 18. h4 f6 19. Nd5 $16) 18. h4 f6 19. Qe2 $14) 17... Qxd2+ 18. Rxd2
Bxd5 19. exd5 O-O 20. c3 Nc4 21. Bxc4 Rxc4 $11 {0-1 Al Modiahki,M (2581)
-Sandipan,C (2554)/Moscow 2005 (36)}) 17. h4 Bc4 $2 (17... Nc4 18. Bxc4 Bxd4
19. Qxd4 Rxc4 20. Qe3 Rfc8 21. hxg5 Rxc3 22. bxc3 Rxc3 23. Rd3 Qxa3+ 24. Kd1
Qa1+ 25. Qc1 Qxc1+ 26. Kxc1 Rxd3 27. cxd3 hxg5 28. Kd2 $14) 18. Qf2 Ng6 19. Bb6
Qe5 {1-0 Krivovyaz,G-Zhadanov,N (2258)/Dubna 2001 (39)} 20. Bxc4 Rxc4 21. Rd5
Qe6 22. hxg5 hxg5 23. Rxg5 $16) 16... Rc6 17. g3 (17. a3 O-O 18. h4 gxh4 $5 19.
Qxh4 Ng6 $11) 17... O-O 18. f4 Nd7 {Gelfand is not afraid of extreme measures.
In the hour of need he might have considered the tough solution with a piece
sacrifice for the queenside attack. Fortunately his position remains fair as
the sharp line is not quite sufficient for Black.} (18... Rfc8 19. fxe5 dxe5
20. Be3 Rxc3 21. bxc3 Qxc3 (21... Qa3+ 22. Kd2 Qxc3+ 23. Ke2 Qxc2+ 24. Rd2 Qxe4
25. Qf3 Qxf3+ 26. Kxf3 f5 $14) 22. Rd3 Qa1+ 23. Kd2 Qb1 24. c3 Bc4 25. Qe2 $14)
19. h4 {White could jave jumped with the knight right away, but Black's
solution would be similar to the game.} (19. Nd5 Bxd5 20. exd5 Rc5 $5 (20...
Bxd4 21. Qxd4 (21. Rxd4 Rc5 $11) 21... e5 22. dxe6 fxe6 23. Kb1 (23. Qe4 Qf5
24. Qxf5 Rxf5 $11) 23... Qc5 24. Qd2 $14) 21. Bxg7 Kxg7 22. fxg5 Qxa2 23. gxh6+
Kh8 $11) 19... g4 20. Nd5 (20. Bxg7 Kxg7 21. Qd4+ f6 22. h5 Bxa2 23. Rh4 Rfc8
24. Rxg4+ Kf8 $17) 20... Bxd5 21. exd5 (21. Bxg7 $2 Bxe4 22. Bxf8 Qxa2 23. Bd3
Nc5 $1 $19) 21... Rc5 $5 {The charm of the forbidden fruit! In fact the
challenger for the world crown in 2012 understands very well, that accepting
the exchange sacrifice is simply bad for White.} (21... Bxd4 22. Qxd4 Rc7 23.
Kb1 Qc5 $11) 22. Bxg7 (22. Bxc5 $2 Nxc5 23. Qe3 Na4 $17) 22... Kxg7 23. Kb1 $2
{On the highest level one serious mistake is often sufficient for the later
decision of the game. Karjakin had to support his d5-pawn with no chance for
any advantage.} (23. Qd4+ Nf6 24. Bc4 Qa4 25. Bb3 Qxd4 26. Rxd4 Rb8 $11) 23...
Rxd5 24. Rxd5 Qxd5 25. Bg2 Qc5 26. Qe2 {White is hitting three enemy pawns at
the same time and he judged that it must be reasonable for him.} (26. Qxc5 Nxc5
27. b4 Na4 $17) 26... Nf6 27. Qxe7 {A logical move, but maybe already the
decisive mistake. The last chance to fight was connected with the daring
bishop move.} (27. Bxb7 $5 Rb8 28. Bxa6 Qa3 29. Bb5 (29. b3 $2 Ra8 $19) 29...
Qxg3 30. a4 Qxf4 31. Qxe7 Ne4 $15) 27... b5 (27... Re8 28. Qxb7 Re2 29. Rc1 Qe3
30. a3 Re1 31. Rxe1 Qxe1+ 32. Ka2 Qxg3 $17) 28. Qb7 Re8 29. Rc1 (29. Bc6 Re3
30. Qxa6 Rxg3 31. a3 Rh3 32. Rf1 Rh2 33. Qxb5 Qxc2+ 34. Ka2 Rxh4 $17) 29... Qf2
$1 {Even an untrained spectator must have suspected, that something had gone
badly wrong for the first player. Gelfand will win the g3-pawn and advance the
g-pawn.} 30. Bd5 (30. Bc6 Re1 31. b3 Rxc1+ 32. Kxc1 Qxg3 $19) 30... Nxd5 31.
Qxd5 Re1 $1 32. Qxd6 (32. b3 Qxg3 33. Qxd6 Qe3 34. Rxe1 Qxe1+ 35. Kb2 Qxh4 $19)
32... Qxg3 33. Qd4+ (33. b3 Rxc1+ 34. Kxc1 Qe1+ 35. Kb2 (35. Qd1 Qxd1+ 36. Kxd1
b4 $19) 35... Qxh4 $19) 33... Kg8 34. b3 {[%mdl 4096] There is no way around
queen's ending. The white king is too far away from enemy pawns running on the
kingside.} (34. Qd8+ Kh7 35. b3 Rxc1+ 36. Kxc1 Qxf4+ $19) 34... Rxc1+ 35. Kxc1
Qxh4 36. Kd2 (36. c4 g3 37. Qe4 Qh2 38. Qe8+ Kg7 39. Qe5+ Kg6 40. Qe4+ Kh5 41.
Qf5+ Kh4 $19) 36... g3 37. Ke3 (37. Ke2 Qg4+ 38. Ke1 g2 39. Qg1 Qg3+ 40. Kd2 h5
$19) 37... Qg4 {The decision is not far away, as the pawn on g3 is ready for
the decisive step forward.} 38. Qd8+ Kg7 39. Qd4+ Kg8 (39... Kh7 40. Qd5 Qg7
41. Qe4+ Qg6 42. Qg2 h5 $19) 40. Qd8+ Kh7 41. Qd3+ (41. Qd5 Qg7 42. Qe4+ Qg6
$19) 41... Qg6 42. Kf3 g2 $1 43. Qxg6+ Kxg6 44. Kxg2 b4 {An instructive finish,
leaving Black with a spare pawn, as the queenside structure is fixed for White.
} 0-1